| 000 | 00600nam a2200217 a 4500 | ||
|---|---|---|---|
| 005 | 20260322212040.0 | ||
| 008 | data | ||
| 010 | _a65-21809 | ||
| 090 | _aLC 3965 G193p 1965 | ||
| 100 | 1 |
_aGarrison, Karl Claudius, _d1900- |
|
| 245 | 1 | 4 |
_aThe psychology of exceptional children/ _cKarl Claudius Garrison & Dewey G. Force. |
| 250 | _a4th edit. | ||
| 260 |
_aNew York _bRonald Press Co. _cc1965 |
||
| 300 |
_avi, 571 p. ; _c illus. |
||
| 500 | _aIncludes bibliographies. | ||
| 650 | 0 | 2 | _aChild Psychology |
| 650 | 0 | 2 | _aDisabled Persons |
| 650 | 0 | 2 | _aEducation |
| 700 | 1 | _aForce, Dewey G. | |
| 001 | data | ||
| 999 |
_c938 _d938 |
||